000 00237nam a2200097Ia 4500
001 694751
005 20250826161939.0
008 250824s9999 xx 000 0 und d
245 0 _aSEMERKANT
_cAMIN MAALOUF
260 _bYAPI KREDİ YAYINLARI
999 _c694751
_d694751